000 00613nam a2200205 a 4500
999 _c8427
_d8427
003 PK-NaQUE
005 20250901104621.0
008 250901b ||||| |||| 00| 0 eng d
020 _a0073222755 (hardcover)
020 _a9780073222752 (hardcover)
040 _cQUEST
100 1 _aTokheim, Roger.
245 1 0 _aDigital Electronics : principles and applications
250 _a5th ed.
260 _a[S.l.] :
_bMcGraw-Hill Science/Engineering/Math,
_c1999.
300 _a534 p. ;
650 _aDigital Electronics
856 4 0 _uhttp://10.10.170.122:8080/browse/book/18548
_yDownload eBook
942 _cBK
_2ddc